ბათუმის შოთა რუსთაველის სახელმწიფო უნივერსიტეტის ბიბლიოთეკა

Чаеводство (ბიბ.ჩანაწერი № 45780)

000 -LEADER
fixed length control field 00535nam a2200217Ia 4500
001 - CONTROL NUMBER
control field 12607
003 - CONTROL NUMBER IDENTIFIER
control field GE_BSU
008 - FIXED-LENGTH DATA ELEMENTS--GENERAL INFORMATION
fixed length control field 181216s||||||||xx |||||||||||||| ||und||
040 ## - CATALOGING SOURCE
Transcribing agency GE_BSU
080 ## - UNIVERSAL DECIMAL CLASSIFICATION NUMBER
Universal Decimal Classification number 634.1(075.32)
100 ## - MAIN ENTRY--PERSONAL NAME
Personal name Чхаидзе,Г.И.
245 ## - TITLE STATEMENT
Title Чаеводство
245 ## - TITLE STATEMENT
Statement of responsibility, etc. Ред.З.И.Уткина
260 ## - PUBLICATION, DISTRIBUTION, ETC.
Place of publication, distribution, etc. Москва
260 ## - PUBLICATION, DISTRIBUTION, ETC.
Name of publisher, distributor, etc. Колос
260 ## - PUBLICATION, DISTRIBUTION, ETC.
Date of publication, distribution, etc. 1979
300 ## - PHYSICAL DESCRIPTION
Extent 359стр.илл
300 ## - PHYSICAL DESCRIPTION
Dimensions указатель лит-ры с.355
653 ## - INDEX TERM--UNCONTROLLED
Uncontrolled term Чаеводство
942 ## - ADDED ENTRY ELEMENTS (KOHA)
Koha item type წიგნი
ეგზემპლარები
Withdrawn status Lost status Damaged status Not for loan Date acquired Barcode Date last seen Price effective from Koha item type
        2018-12-17 20553 2018-12-17 2018-12-17 წიგნი